Gua̕ prc̀tica fiscal ISR, IVA, IMSS e Infonavit 2019

Detalles Bibliográficos
Autor principal: Přez Chv̀ez, Još
Otros Autores: Fol Olgun̕, Raymundo
Formato: eBook
Lenguaje:español
Publicado: Ciudad de Mx̌ico: Tax Editores, 2019
Materias:
Acceso en línea:Acceso restringido

MARC

LEADER 00000nam a22000007a 4500
005 20190514230549.0
007 cr|||| ||||
008 190514s2019 mx |||||s|||| 00||0 spa d
020 |a 978-607-629-336-2 
035 |a 23400 
040 |a vLex 
090 |c 8704  |d 8704 
100 1 |a Přez Chv̀ez, Još 
245 1 0 |a Gua̕ prc̀tica fiscal ISR, IVA, IMSS e Infonavit 2019  |h [Recurso electrn̤ico] /  |c Jos ̌Přez Chv̀ez, Raymundo Fol Olgun̕ 
256 |a Servicio en ln̕ea 
260 |a Ciudad de Mx̌ico:  |b Tax Editores,  |c 2019 
300 |a 1 recurso electrn̤ico 
500 |a Mediante la lectura de esta gua̕, el interesado estar ̀en posibilidad de conocer de una manera sencilla, g̀il y prc̀tica los principales cl̀culos que contemplan los ordenamientos tributarios federales siguientes: 1. Ley del Impuesto sobre la Renta. 2. Ley del Impuesto al Valor Agregado. 3. Ley de Ingresos de la Federacin̤ vigente. 4. Ley del IMSS. 5. Ley del Infonavit. 6. Diversos decretos fiscales. Por l︢timo, la presente obra est ̀dirigida, principalmente, a los estudiantes que se inician en el aprendizaje de la materia fiscal, a los maestros de contribuciones, a los encargados de cumplir con las obligaciones fiscales de las personas fs̕icas y morales y, en general, a cualquier persona que se interese en el tema. 
506 1 |a Disponible solo en los productos indicados  |d vLex Global  |d vLex Global (Academic Edition, excluding Law Schools)  |d vLex Global (U.S. Academic Edition, Law Schools)  |d vLex Global (U.S. Academic Edition, excluding Law Schools)  |d vLex Global (Academic Edition, Law Schools) 
650 0 4 |a Derecho Fiscal  |z Mx̌ico 
650 0 4 |a Imposicin̤ directa  |z Mx̌ico 
650 0 4 |a IVA  |z Mx̌ico 
700 1 |a Fol Olgun̕, Raymundo 
740 0 |a vLex Libros (Servicio en ln̕ea) 
856 4 0 |u http://vlex.com/source/guia-practica-fiscal-isr-iva-imss-e-infonavit-2019-23400  |z Acceso restringido 
942 |c BOOK 
999 0 |a Tax Law 
999 0 |a Direct taxation 
999 0 |a VAT